| 000 | 00328nam a22001337a 4500 | ||
|---|---|---|---|
| 020 | _qPB. | ||
| 040 | _cFIZZA ISHAQ | ||
| 082 |
_a690.21 _bPET |
||
| 100 |
_aIRWIN,PETER. _991634 |
||
| 245 |
_aWIND TUNNEL TESTING OF HIGH RISE BUILDIINGS / _cPETER IRWIN. |
||
| 260 |
_aROUTLEDGE ; _c2013. |
||
| 300 | _a47 P. ; | ||
| 942 |
_2ddc _cBK |
||
| 999 |
_c589765 _d589765 |
||